Jepthah and Samson. (Record no. 3749)

000 -LEADER
fixed length control field 00848nam a2200241 a 4500
001 - CONTROL NUMBER
control field :::00001484$&:&@@
003 - CONTROL NUMBER IDENTIFIER
control field OkBaRHE
005 - DATE AND TIME OF LATEST TRANSACTION
control field 20000607103244.0
008 - FIXED-LENGTH DATA ELEMENTS--GENERAL INFORMATION
fixed length control field s1965 j 000 0 eng u
040 ## - CATALOGING SOURCE
Transcribing agency
100 1# - MAIN ENTRY--PERSONAL NAME
Personal name Lindsay, Gordon.
245 10 - TITLE STATEMENT
Title Jepthah and Samson.
260 ## - PUBLICATION, DISTRIBUTION, ETC. (IMPRINT)
Place of publication, distribution, etc Dallas, TX., :
Name of publisher, distributor, etc Christ For The Nations
Date of publication, distribution, etc 1965
300 ## - PHYSICAL DESCRIPTION
Extent 36 p. ;
Dimensions 22 cm.
490 0# - SERIES STATEMENT
Series statement Through the Bible series, vol. 15.
650 ## - SUBJECT ADDED ENTRY--TOPICAL TERM
Topical term or geographic name as entry element Bible Old Testament Judges
650 ## - SUBJECT ADDED ENTRY--TOPICAL TERM
Topical term or geographic name as entry element Jepthah.
650 ## - SUBJECT ADDED ENTRY--TOPICAL TERM
Topical term or geographic name as entry element Samson.
942 ## - ADDED ENTRY ELEMENTS (KOHA)
Source of classification or shelving scheme
Koha item type Books
Copies
Shelving location Not for loan Copy number Price effective from Permanent Location Withdrawn status Damaged status Lost status Koha item type Current Location Source of classification or shelving scheme Full call number Barcode Date last seen Date acquired
General Stacks 12010-04-14RHEMA Bible Training College   BooksRHEMA Bible Training College BS 580 .S15 L514842010-04-142010-04-14
General Stacks 22010-04-14RHEMA Bible Training College   BooksRHEMA Bible Training College BS 580 .S15 L5169552010-04-142010-04-14
General Stacks 32010-04-14RHEMA Bible Training College   BooksRHEMA Bible Training College BS 580 .S15 L5169562010-04-142010-04-14